| 000 | 00843nam a2200241 i 4500 | ||
|---|---|---|---|
| 001 | bg | ||
| 100 | 1 |
_aGorzałczany, Marian Bolesław _d(1955- ). |
|
| 245 | 1 | 0 |
_aUkłady cyfrowe - metody syntezy. _nT. 2, _pUkłady sekwencyjne, układy mikroprogramowane / _cMarian B. Gorzałczany. |
| 250 | _aWyd. 5. | ||
| 260 |
_aKielce : _bWydaw. PŚ, _c1998. |
||
| 300 |
_a370 s. : _brys., wykr. ; _c24 cm. |
||
| 490 | 1 |
_aSkrypty / [Politechnika Świętokrzyska], _x0239-6386 ; _v337 |
|
| 504 | _aBibliogr. s. 351. | ||
| 650 | 9 |
_aUkłady cyfrowe _xprojekty |
|
| 650 | 9 |
_aUkłady logiczne _xprojekty |
|
| 655 | _aPodręczniki akademickie | ||
| 830 | 0 |
_aSkrypty ([Politechnika Świętokrzyska]) ; _v337 |
|
| 040 | _cBPK | ||
| 041 | 0 | _apl | |
| 080 | _a004.31:621.3.049.77].001.13/.14(075.8) | ||
| 942 | _cKS | ||
| 008 | s pl f |000 0 pol | ||
| 999 |
_c37778 _d37778 |
||
| 856 |
_uhttp://koha.tu.koszalin.pl/cgi-bin/koha/opac-detail.pl?biblionumber=37778 _yKatalog online BPK |
||